000 00637nam a2200193Ia 4500
003 IN-BaIIA
008 211028s9999 xx 000 0 eng d
020 _a0 11 886943 4
040 _cIIA Library
080 _a059:52
_bAAL-93
110 _aUnited States. Government Printing Office
_98241
245 4 _aThe astronomical almanac for the year 1993
_cU.S. Government Printing Office
260 _aWashington
_bU. S. Government Printing Office
_c1992
300 _a[various pagings.]
650 _aAlmanacs
650 _aAstronomy and Astrophysics Thesaurus
650 _aEphemerides
_911078
942 _cBK
999 _c10593
_d10593